Educación artística 2 : (Registro nro. 10094)

Detalles MARC
000 -LIDER
fixed length control field 01276nam a22003257a 4500
001 - NÚMERO DE CONTROL
Identificador de número de control 0000123894
003 - IDENTIFICACDOR DE NÚMERO DE CONTROL
control field DO-SdBNP
005 - DATE AND TIME OF LATEST TRANSACTION
control field 20180312113232.0
007 - CAMPOS FIJOS DE DESCRIPCIÓN FÍSICA
fixed length control field 0000123894
008 - ELEMENTOS DE LONGITUD FIJA
fixed length control field 160429b 2014 dr ||||| |||| 00| 0 spa d
020 ## - ISBN
International Standard Book Number 9789945190069
040 ## - FUENTE DE CATALOGACIÓN
Agencia que crea de manera original el registro BPMSU
Idioma de catalogación spa
Agencia que realiza la transcripción BPMSU
092 ## - LOCALLY ASSIGNED DEWEY DECIMAL CALL NUMBER
Número de clasificación xxxxx
Número de ítem (Cutter) xxxxx
100 ## - ASIENTO PRINCIPAL -- NOMBRE PERSONAL
Nombre personal Salcedo Fernández, Lilian
245 00 - MENCIÓN DE TITULO
Título Educación artística 2 :
Subtítulo educación primaria /
Mención de responsabilidad Lilian Salcedo Fernández; producción editorial Claudia Llibre ; ilustración Ruddy Núñez..[et. al]
260 ## - PUBLICACIÓN, DISTRIBUCIÓN, ETC. (PIE DE IMPRENTA)
Lugar de publicación, distribución, etc Santo Domingo :
Nombre del editor, distribuidor, etc. Santillana,
--
Fecha de publicación, distribución, etc 2014.
300 ## - DESCRIPCIÓN FÍSICA
Extensión 87 p. :
Otros detalles físicos il.;
Dimensiones 27 cm.
490 ## - MENCIÓN DE SERIES
Mención de serie Todos juntos
500 ## - NOTA GENERAL
Nota general
500 ## - NOTA GENERAL
Nota general Este libro ha sido realizado de conformidad con el currículum vigente y ha sido sometido a la aprobación del MINERD [Ministerio de Educación República Dominicana]
500 ## - NOTA GENERAL
Nota general El libro de educación artística 1, para el primer curso del nivel primario, esta dividido en dibujo y técnica, música, teatroy recortables
504 ## - NOTA DE BIBLIOGRAFÍA, ETC.
Bibliography, etc
700 12 - ASIENTO SECUNDARIO -- NOMBRE PERSONAL
Nombre personal Llibre, Claudia
Mención de responsabilidad
700 12 - ASIENTO SECUNDARIO -- NOMBRE PERSONAL
Nombre personal Núñez, Ruddy
Mención de responsabilidad il.
830 ## - ASIENTO SECUNDARIO DE SERIE--TÍTULO UNIFORME
Título uniforme Todos juntos
910 ## - VALIDACIÓN
Validación 00041
942 ## - ADDED ENTRY ELEMENTS (KOHA)
Source of classification or shelving scheme Dewey Decimal Classification
Koha item type Libros
945 ## - INFORMACIÓN DE PROCESAMIENTO LOCAL
Información de procesamiento local Remanejada para la BNPHU 2018 / BT
956 ## - LOCAL ELECTRONIC LOCATION AND ACCESS (OCLC)
Método de acceso VMATEO
Materiales especificados 10
Enlace 20160511
Campo enlazado y núm. de secuencia BPMSU
Nombre de host 0069
Existencias
Withdrawn status Lost status Source of classification or shelving scheme Damaged status Not for loan Home library Current library Date acquired Source of acquisition Total Checkouts Barcode Date last seen Price effective from Koha item type
    Dewey Decimal Classification     Biblioteca Pública Metropolitana Salomé Ureña Biblioteca Pública Metropolitana Salomé Ureña 05/11/2016 Donación   BPMET16050250 05/11/2016 05/11/2016 Libros